000 01777cam a22005774i 4500
003 PE-LiUPU
005 20250731170407.0
008 150617s r 000 0 d
035 _a(Sirsi) a13661
040 _aPE-LiUPU
_bspa
_cPE-LiUPU
_erda
049 _aPRUA
082 0 4 _a193
_bM11
_221
100 1 _aMann, Heinrich,
_eautor.
245 1 3 _aEl pensamiento vivo de Nietzsche /
_cHeinrich Mann.
264 1 _aBuenos Aires :
_bLosada,
_c1939.
300 _a252 páginas ;
_c18 cm
336 _atext
_2rdacontent
337 _aunmediated
_2rdamedia
338 _avolume
_2rdacarrier
490 0 _aBiblioteca del pensamiento vivo ;
_v5
505 0 _aEl pensamiento vivo de Nietzsche, por Heinrich Mann. -Ciencia, filosofía, verdad. -Crítica de la cultura. -El mundo sin Dios.
526 _aSEG68
526 _aSEG70
526 _aSEG69
526 _aSEG67
526 _aSEG43
526 _aP144
526 _aP143
526 _aP131
526 _aP122
526 _aP120
526 _aP117
526 _aP112
526 _aP110
526 _aP106
526 _aP101
526 _aP80
526 _aP59
526 _aP54
526 _aP35
526 _aP33
526 _aP30
600 1 _aNietzsche, Friedrich.
_d1844-1900
_xPensamiento político
910 _ajck
_bjvq
_cjck
_d20150616
942 _2ddc
_cBOOK
949 _a193 M11
_wDEWEY
_c1
_i11078
_lCCODEBUL1
_mBUL
_p00.00
_r0
_sY
_tBOOK
_u2015-04-21
_xBIBLIOTECA
_zUNKNOWN
_0COMPRA
_o.STAFF. Colección General
994 _aC0
_bPEPRU
596 _a1
999 _a193 M11
_wDEWEY
_c4053
_i11078
_d4053
_e2017-6-27
_f2021-11-9
_g4
_lCCODEBUL1
_mBUL
_n1
_q2
_r0
_sY
_tBOOK
_u2015-4-21
_xSALUD
_zUNKNOWN
_0COMPRA
_o.STAFF. Colección General
980 _81
_gALBERTO SANCHEZ Responsable de Automatización